书目信息 |
| 题名: |
建筑施工技术
|
|
| 作者: | 李洪军 , 贺云 主编 | |
| 分册: | ||
| 出版信息: | 北京 中国水利水电出版社 2009.02 |
|
| 页数: | 456页 | |
| 开本: | 26cm | |
| 丛书名: | ||
| 单 册: | ||
| 中图分类: | TU74 | |
| 科图分类: | ||
| 主题词: | 建筑工程--jian zhu gong cheng--工程施工--高等学校--教材 | |
| 电子资源: | ||
| ISBN: | 978-7-5084-6064-2 | |
| 000 | 00967nam0 2200265 450 | |
| 001 | 012009513950 | |
| 005 | 20091016140230.25 | |
| 010 | @a978-7-5084-6064-2@dCNY47.00 | |
| 100 | @a20091016d2009 em y0chiy0120 ea | |
| 101 | 0 | @achi |
| 102 | @aCN@b110000 | |
| 105 | @aa a 000yy | |
| 106 | @ar | |
| 200 | 1 | @a建筑施工技术@Ajian zhu shi gong ji shu@f李洪军, 贺云主编@Fli hong jun,he yun zhu bian |
| 210 | @a北京@c中国水利水电出版社@d2009.02 | |
| 215 | @a456页@c图@d26cm | |
| 300 | @a全国应用型高等院校(高职高专)土建类“十一五”规划教材 | |
| 320 | @a有书目 | |
| 330 | @a本书共分10章,内容包括绪论、土方工程、地基处理与桩基工程、砌筑工程、钢筋混凝土工程、预应力混凝土工程、结构安装工程、防水工程、装饰工程、外墙外保温工程。 | |
| 606 | 0 | @a建筑工程@Ajian zhu gong cheng@x工程施工@x高等学校@j教材 |
| 690 | @aTU74@v4 | |
| 701 | 0 | @a李洪军@Ali hong jun@4主编 |
| 701 | 0 | @a贺云@Ahe yun@4主编 |
| 801 | 0 | @aCN@bQSSK@c20091016 |
| 905 | @b764047-51@dTU74@eL172@f5 | |
| 建筑施工技术/李洪军, 贺云主编.-北京:中国水利水电出版社,2009.02 |
| 456页:图;26cm |
| 全国应用型高等院校(高职高专)土建类“十一五”规划教材 |
| ISBN 978-7-5084-6064-2:CNY47.00 |
| 本书共分10章,内容包括绪论、土方工程、地基处理与桩基工程、砌筑工程、钢筋混凝土工程、预应力混凝土工程、结构安装工程、防水工程、装饰工程、外墙外保温工程。 |
| ● |
| 相关链接 |
|
|
|
正题名:建筑施工技术
索取号:TU74/L172
 
预约/预借
| 序号 | 登录号 | 条形码 | 馆藏地/架位号 | 状态 | 备注 |
| 1 | 764047 | 207640472 | 管理学院资料室/101建筑库 64排7列3层/ [索取号:TU74/L172] | 在馆 | |
| 2 | 764048 | 207640481 | 管理学院资料室/101建筑库 64排7列5层/ [索取号:TU74/L172] | 在馆 | |
| 3 | 764049 | 207640490 | 建筑库201/201建筑库 107排7列2层/ [索取号:TU74/L172] | 在馆 | |
| 4 | 764050 | 207640506 | 建筑库201/201建筑库 107排7列2层/ [索取号:TU74/L172] | 在馆 | |
| 5 | 764051 | 207640515 | 建筑库201/201建筑库 107排7列2层/ [索取号:TU74/L172] | 在馆 |